[Event "XXXIII Festival A"]
[Site "Arco ITA"]
[Date "2011.10.24"]
[Round "3"]
[White "Del Monaco, Andrea"]
[Black "Virzi, Ettore"]
[Result "1-0"]
[WhiteElo "2315"]
[BlackElo "1951"]
[PlyCount "102"]
[EventDate "2011.10.22"]

1. e4 e5 2. Nf3 Nc6 3. Bb5 a6 4. Bxc6 dxc6 5. O-O Bg4 6. h3 h5 7. d3 Qf6 8. Be3
Bxf3 9. Qxf3 Qxf3 10. gxf3 Bd6 11. Nd2 Ne7 12. Rfb1 c5 13. a3 Nc6 14. c3 O-O-O
15. Kf1 Be7 16. Ke2 Rd7 17. Rg1 g6 18. Nb3 b6 19. Rad1 Rhd8 20. Rd2 Bf6 21. a4
a5 22. Na1 Bh4 23. Rdd1 Be7 24. Nc2 Kb7 25. Na3 Rg8 26. Nc4 Rdd8 27. Rg2 Bf6
28. f4 exf4 29. Bxf4 Rge8 30. Be3 Ne5 31. Nxe5 Bxe5 32. f4 Bf6 33. Kf3 Rd7 34.
d4 cxd4 35. cxd4 c6 36. Rc2 Bh4 37. Rdc1 Rc8 38. Rg2 Re8 39. Rc4 Be1 40. Rg1
Bb4 41. e5 Rd5 42. f5 Rg8 43. fxg6 Rxg6 44. Rcc1 c5 45. Rxg6 fxg6 46. Ke4 cxd4
47. Kxd5 dxe3 48. e6 g5 49. Re1 g4 50. Rxe3 Be7 51. hxg4 Kc7 1-0

[Event "XXXIII Festival A"]
[Site "Arco ITA"]
[Date "2011.10.24"]
[Round "3"]
[White "Dittmar, Peter"]
[Black "Romagnoli, Roberto"]
[Result "1/2-1/2"]
[WhiteElo "2305"]
[BlackElo "2086"]
[PlyCount "75"]
[EventDate "2011.10.22"]

1. d4 d5 2. c4 e6 3. Nc3 Nf6 4. cxd5 exd5 5. Bg5 Be7 6. e3 O-O 7. Bd3 Nbd7 8.
Qc2 c6 9. Nf3 h6 10. Bh4 Re8 11. Bg3 Bb4 12. O-O Nh5 13. Ne5 Nxe5 14. Bxe5 Bd6
15. Bxd6 Qxd6 16. Rab1 Nf6 17. b4 b5 18. a4 a6 19. Rfc1 Bd7 20. Ne2 Rab8 21. a5
Re7 22. Bf5 Be8 23. Qc5 Qxc5 24. Rxc5 g6 25. Bd3 Bd7 26. Nc1 Ne8 27. Nb3 Nd6
28. Rc3 Nc4 29. Nc5 Bc8 30. Re1 Bb7 31. g3 Rbe8 32. h4 Bc8 33. Bf1 f5 34. Bg2
Kf7 35. Nd3 Bd7 36. Rec1 Kf6 37. Nc5 Bc8 38. Nd3 1/2-1/2

[Event "XXXIII Festival A"]
[Site "Arco ITA"]
[Date "2011.10.24"]
[Round "3"]
[White "Ebeling, Jens"]
[Black "Pedrotti, Luciano"]
[Result "1/2-1/2"]
[WhiteElo "2019"]
[BlackElo "1801"]
[PlyCount "40"]
[EventDate "2011.10.22"]

1. e4 e5 2. Bc4 Nf6 3. d3 Be7 4. Nf3 d6 5. c3 O-O 6. O-O Nc6 7. Bb3 Bg4 8. h3
Bh5 9. Re1 d5 10. exd5 Nxd5 11. g4 Bg6 12. Nxe5 Nxe5 13. Rxe5 c6 14. Qf3 Bd6
15. Re1 Qd7 16. Bxd5 cxd5 17. Na3 a6 18. Bd2 Qc6 19. Rad1 Bxa3 20. bxa3 f6
1/2-1/2

[Event "XXXIII Festival A"]
[Site "Arco ITA"]
[Date "2011.10.24"]
[Round "3"]
[White "Eschweiler, Markus"]
[Black "Ciola, Alberto"]
[Result "1/2-1/2"]
[WhiteElo "1548"]
[BlackElo "1915"]
[PlyCount "55"]
[EventDate "2011.10.22"]

1. c4 c5 2. Nc3 Nc6 3. Nf3 Nf6 4. d4 cxd4 5. Nxd4 g6 6. Nxc6 bxc6 7. e4 d6 8.
Be2 Bg7 9. Qc2 O-O 10. O-O Bb7 11. Be3 Qa5 12. f4 Nd7 13. Bd2 Qc7 14. Be3 f5
15. exf5 Rxf5 16. Bg4 Rff8 17. Rad1 e5 18. Ne4 exf4 19. Bxf4 Qb6+ 20. Kh1 Ne5
21. Be6+ Kh8 22. Nxd6 c5 23. Nxb7 Qxe6 24. Bxe5 Rxf1+ 25. Rxf1 Qxe5 26. Rd1
Qxb2 27. Qxb2 Bxb2 28. Nxc5 1/2-1/2

[Event "XXXIII Festival A"]
[Site "Arco ITA"]
[Date "2011.10.24"]
[Round "3"]
[White "Falasca, Valerio"]
[Black "Giaracuni, Claudio"]
[Result "1/2-1/2"]
[WhiteElo "1593"]
[BlackElo "1830"]
[PlyCount "21"]
[EventDate "2011.10.22"]

1. Nf3 g6 2. g3 Bg7 3. Bg2 d5 4. O-O e5 5. d3 Nc6 6. e4 dxe4 7. dxe4 Bg4 8.
Qxd8+ Rxd8 9. Be3 Nf6 10. Nc3 a6 11. h3 1/2-1/2

[Event "XXXIII Festival A"]
[Site "Arco ITA"]
[Date "2011.10.24"]
[Round "3"]
[White "Galas, Franco"]
[Black "Fusari, Paolo"]
[Result "0-1"]
[WhiteElo "1749"]
[BlackElo "1897"]
[PlyCount "74"]
[EventDate "2011.10.22"]

1. d4 c5 2. Nf3 e6 3. c3 d5 4. e3 Nc6 5. Bd3 Nf6 6. Nbd2 cxd4 7. exd4 Bd6 8.
O-O O-O 9. Re1 Qc7 10. Nf1 e5 11. dxe5 Nxe5 12. Nxe5 Bxe5 13. Ng3 Bg4 14. Be2
Bxg3 15. hxg3 Bxe2 16. Rxe2 Rfe8 17. Bf4 Qc6 18. Qc2 Rxe2 19. Qxe2 Re8 20. Qc2
Qb5 21. a4 Qe2 22. Qb3 h5 23. Be3 Ng4 24. Qb5 Rxe3 25. fxe3 Qxe3+ 26. Kh1 Qxg3
27. Kg1 Qh2+ 28. Kf1 Qh1+ 29. Ke2 Qxa1 30. Qxb7 Qxa4 31. Qc8+ Kh7 32. Qf5+ Kh6
33. Kd2 Qe4 34. Qxf7 Qxg2+ 35. Kc1 Qg1+ 36. Kc2 Qf2+ 37. Qxf2 Nxf2 0-1

[Event "XXXIII Festival A"]
[Site "Arco ITA"]
[Date "2011.10.24"]
[Round "3"]
[White "Gardini, Enrico"]
[Black "Pipitone, Antonio"]
[Result "0-1"]
[WhiteElo "1822"]
[BlackElo "1971"]
[PlyCount "52"]
[EventDate "2011.10.22"]

1. c4 Nf6 2. Nc3 g6 3. Nf3 Bg7 4. d3 d5 5. cxd5 Nxd5 6. Bd2 O-O 7. g3 Nc6 8.
Bg2 e6 9. O-O a6 10. Rc1 Re8 11. Ne1 Nd4 12. Nc2 c6 13. Nxd4 Bxd4 14. Nxd5 exd5
15. Bc3 Qb6 16. Qc2 Bg4 17. Bxd4 Qxd4 18. e3 Qe5 19. Rfe1 Rad8 20. d4 Qf6 21.
Qb3 Bc8 22. a4 Re7 23. Qb6 Qd6 24. b4 Bf5 25. b5 cxb5 26. axb5 Qxb6 0-1

[Event "XXXIII Festival A"]
[Site "Arco ITA"]
[Date "2011.10.24"]
[Round "3"]
[White "Giuriato, Sergio"]
[Black "Panjkovic, Aleksandar"]
[Result "0-1"]
[WhiteElo "1961"]
[BlackElo "2187"]
[PlyCount "84"]
[EventDate "2011.10.22"]

1. d4 d6 2. Nf3 g6 3. g3 Bg7 4. Bg2 c5 5. O-O Nc6 6. d5 Na5 7. Nc3 Bd7 8. e4 b5
9. Re1 b4 10. Ne2 Nc4 11. c3 Nf6 12. cxb4 cxb4 13. Ned4 Ng4 14. h3 Nge5 15. Nh2
Qb6 16. Ne2 Bb5 17. Nf4 O-O 18. Bf1 a5 19. a4 Ba6 20. b3 Na3 21. Be3 Qb7 22.
Rc1 Rfc8 23. Bxa6 Qxa6 24. Qe2 Qxe2 25. Rxc8+ Rxc8 26. Rxe2 Nd7 27. Nf3 Rc3 28.
Nd2 Nc5 29. Bxc5 Rxc5 30. Ng2 Rc2 31. Ne3 Rb2 32. Kf1 Bc3 33. Ndc4 Nxc4 34.
Nxc4 Rb1+ 35. Kg2 Rxb3 36. Nxa5 Ra3 37. Nc6 b3 38. e5 Kf8 39. exd6 exd6 40. Re7
b2 41. Rb7 Ra1 42. Rb8+ Kg7 0-1

[Event "XXXIII Festival A"]
[Site "Arco ITA"]
[Date "2011.10.24"]
[Round "3"]
[White "Helbig, Dieter"]
[Black "Milazzo, Mario"]
[Result "0-1"]
[WhiteElo "1877"]
[BlackElo "2077"]
[PlyCount "118"]
[EventDate "2011.10.22"]

1. c4 f5 2. Nc3 Nf6 3. d4 g6 4. g3 Bg7 5. Bg2 d6 6. Nf3 O-O 7. O-O Qe8 8. Re1
c6 9. Bf4 Nh5 10. Bd2 e5 11. d5 e4 12. Ng5 h6 13. Nh3 Na6 14. Qc1 Kh7 15. Nf4
Nf6 16. Rb1 g5 17. Nh3 Qh5 18. f3 Bd7 19. Nf2 cxd5 20. Nxd5 Nxd5 21. cxd5 Rac8
22. Bc3 exf3 23. exf3 Rfe8 24. Qd2 Qf7 25. Rxe8 Rxe8 26. Re1 Rxe1+ 27. Qxe1 Qe8
28. Qd2 Kg6 29. Bf1 Bxc3 30. Qxc3 Qc8 31. Qd2 Qc5 32. Kg2 Nc7 33. Nd3 Qxd5 34.
Nf4+ gxf4 35. Qxf4 Qe5 36. Qb4 Bc6 37. Qb3 Nd5 38. Kh3 Qe3 39. Qd1 Nf6 40. Be2
d5 41. f4 d4 42. Kh4 Qf2 43. h3 Ne4 44. Bh5+ Kf6 45. Qb3 Bd5 46. Qa3 Qxg3+ 47.
Qxg3 Nxg3 48. Kxg3 Bxa2 49. Kf2 Bd5 50. Bd1 a5 51. Ke2 Bc4+ 52. Kd2 Ke6 53. b3
Bb5 54. Kc1 Kd6 55. Kb2 Kc5 56. Bh5 Bc6 57. Bg6 Be4 58. Bf7 Kb4 59. Bh5 d3 0-1

[Event "XXXIII Festival A"]
[Site "Arco ITA"]
[Date "2011.10.24"]
[Round "3"]
[White "Huemmer, Bernd"]
[Black "Dalla Vecchia, Paolo"]
[Result "1-0"]
[WhiteElo "2218"]
[BlackElo "1916"]
[PlyCount "36"]
[EventDate "2011.10.22"]

1. c4 Nf6 2. Nc3 e6 3. e4 d5 4. e5 d4 5. exf6 dxc3 6. bxc3 Qxf6 7. d4 e5 8. Nf3
exd4 9. Bg5 Qe6+ 10. Be2 Be7 11. cxd4 Bxg5 12. Nxg5 Qg6 13. f4 O-O 14. O-O f5
15. Qb3 Nc6 16. Rad1 Na5 17. Qb5 b6 18. Qd5+ Kh8 1-0

[Event "XXXIII Festival A"]
[Site "Arco ITA"]
[Date "2011.10.24"]
[Round "3"]
[White "Huss, Rolf"]
[Black "Morselli, Stefano"]
[Result "1-0"]
[WhiteElo "2163"]
[BlackElo "1909"]
[PlyCount "69"]
[EventDate "2011.10.22"]

1. d4 Nf6 2. c4 e5 3. dxe5 Ne4 4. Qc2 Bb4+ 5. Nc3 d5 6. cxd5 Qxd5 7. Nf3 Bf5 8.
Bd2 Bxc3 9. Bxc3 Ng3 10. e4 Nxh1 11. exf5 Nc6 12. Bd3 Qc5 13. Bd4 Qxc2 14. Bxc2
Nxd4 15. Nxd4 g5 16. Ba4+ c6 17. Ke2 O-O-O 18. Nf3 g4 19. Ng5 Rd7 20. Rxh1 Re8
21. e6 h6 22. Ne4 Rd5 23. Bb3 Re5 24. Ke3 fxe6 25. fxe6 Kc7 26. Rd1 Rd8 27.
Rxd8 Kxd8 28. Kf4 Rh5 29. Kxg4 Rxh2 30. g3 Ke7 31. f4 Re2 32. Kf3 Rxb2 33. f5
Rb1 34. f6+ Ke8 35. Nd6+ 1-0

[Event "XXXIII Festival A"]
[Site "Arco ITA"]
[Date "2011.10.24"]
[Round "3"]
[White "Joerges, Frank"]
[Black "Russo, Carmelo"]
[Result "1/2-1/2"]
[WhiteElo "1923"]
[BlackElo "1711"]
[PlyCount "81"]
[EventDate "2011.10.22"]

1. d4 Nf6 2. c4 g6 3. Nc3 d5 4. Nf3 Bg7 5. Bf4 O-O 6. e3 Bg4 7. Qb3 b6 8. Nxd5
Nxd5 9. cxd5 Bxf3 10. gxf3 c5 11. dxc6 Nxc6 12. Bb5 Na5 13. Qd3 Qd5 14. Ke2
Rac8 15. Ba6 Rc6 16. b3 Re6 17. b4 Nc6 18. Bc4 Nxd4+ 19. Kf1 Qxf3 20. Rg1 Qh3+
21. Rg2 Nf3 22. Bxe6 fxe6 23. Rd1 Nh4 24. Qe4 Nxg2 25. Qxg2 Qf5 26. Qg5 Qc2 27.
Rd7 Bf6 28. Qb5 Qxa2 29. Qd3 Bh4 30. Qd2 Qc4+ 31. Kg1 a6 32. Rd8 g5 33. Rxf8+
Kxf8 34. Be5 Kf7 35. Bd4 b5 36. Qd1 Qd5 37. Qh5+ Kf8 38. Qxh7 Ke8 39. Bc5 Qd1+
40. Kg2 Qg4+ 41. Kf1 1/2-1/2

[Event "XXXIII Festival A"]
[Site "Arco ITA"]
[Date "2011.10.24"]
[Round "3"]
[White "Karl, Hans"]
[Black "Seebacher, Reinhard"]
[Result "1/2-1/2"]
[WhiteElo "2201"]
[BlackElo "1700"]
[PlyCount "45"]
[EventDate "2011.10.22"]

1. d4 d5 2. Nf3 Nf6 3. c4 e6 4. Nc3 Be7 5. Bf4 O-O 6. e3 c5 7. Bd3 a6 8. a4 Nc6
9. O-O Nb4 10. Be2 b6 11. Ne5 cxd4 12. exd4 Bb7 13. Bf3 Ra7 14. a5 dxc4 15.
axb6 Bxf3 16. Qxf3 Qxb6 17. Nxc4 Qb7 18. Qxb7 Rxb7 19. Ra4 Nd3 20. Be5 Nxb2 21.
Nxb2 Rxb2 22. Rxa6 Rc2 23. Nb5 1/2-1/2

[Event "XXXIII Festival A"]
[Site "Arco ITA"]
[Date "2011.10.24"]
[Round "3"]
[White "Knitl, Anton"]
[Black "Wagner, Frank"]
[Result "1/2-1/2"]
[WhiteElo "2188"]
[BlackElo "1910"]
[PlyCount "56"]
[EventDate "2011.10.22"]

1. d4 b6 2. Nf3 Bb7 3. g3 Nf6 4. Bg2 g6 5. c4 d6 6. Nc3 Bg7 7. O-O O-O 8. Qc2
Nbd7 9. Rd1 c5 10. d5 Ng4 11. b3 Nde5 12. Bb2 Bc8 13. h3 Nh6 14. Nh2 Nf5 15. e3
Rb8 16. Ne2 b5 17. e4 Nh6 18. f4 Nd7 19. Bxg7 Kxg7 20. cxb5 Rxb5 21. Nc3 Rb8
22. Bf1 Qa5 23. Nf3 Ba6 24. Na4 Bxf1 25. Rxf1 f6 26. Nd2 Nb6 27. Nxb6 axb6 28.
a4 Qb4 1/2-1/2

[Event "XXXIII Festival A"]
[Site "Arco ITA"]
[Date "2011.10.24"]
[Round "3"]
[White "Knors, Rudi"]
[Black "Stella, Andrea"]
[Result "0-1"]
[WhiteElo "2125"]
[BlackElo "2447"]
[PlyCount "102"]
[EventDate "2011.10.22"]

1. d4 Nf6 2. c4 g6 3. Nc3 d5 4. cxd5 Nxd5 5. g3 Bg7 6. Bg2 Nb6 7. e3 O-O 8.
Nge2 Nc6 9. O-O e5 10. d5 Ne7 11. b3 f5 12. Ba3 e4 13. Rc1 Re8 14. d6 cxd6 15.
Qxd6 Qxd6 16. Bxd6 Ned5 17. Nxd5 Nxd5 18. Rfd1 Be6 19. Nd4 Bf7 20. Bf1 Red8 21.
Ba3 Be5 22. Bc4 Nb6 23. Bxf7+ Kxf7 24. Bb2 Rd7 25. Kf1 Rad8 26. Rc2 Nd5 27. a3
Nf6 28. Rdc1 Bb8 29. h3 a6 30. Kg2 h5 31. Rc8 Bd6 32. Rxd8 Rxd8 33. Ne2 Nd7 34.
b4 Ne5 35. Bd4 Nd3 36. Rc3 Rd7 37. Kf1 Rc7 38. Rxc7+ Bxc7 39. Nc3 Ke6 40. h4 a5
41. b5 Bd6 42. Bb6 Bxa3 43. Bxa5 Bb2 44. Na4 Kd5 45. Bd8 Kc4 46. Nxb2+ Nxb2 47.
b6 Kc5 48. Kg2 Nc4 49. g4 Nxb6 50. gxh5 gxh5 51. Kg3 Nd5 0-1

[Event "XXXIII Festival A"]
[Site "Arco ITA"]
[Date "2011.10.24"]
[Round "3"]
[White "Ledent, Philippe"]
[Black "Alagia, Pietro"]
[Result "1-0"]
[WhiteElo "1887"]
[BlackElo "1763"]
[PlyCount "119"]
[EventDate "2011.10.22"]

1. d4 d5 2. c4 c6 3. Nc3 g6 4. Nf3 Bg7 5. Bf4 Nf6 6. e3 O-O 7. Bd3 Nbd7 8. O-O
dxc4 9. Bxc4 Nb6 10. Bd3 Nbd5 11. Nxd5 Nxd5 12. Bg3 Bh6 13. Re1 Bg4 14. h3 Bxf3
15. Qxf3 Nb4 16. Bb1 Qd5 17. Be4 Qe6 18. a3 Nd5 19. Rac1 Nf6 20. Bb1 Qd5 21.
Qe2 Rad8 22. Rc5 Qb3 23. Rc3 Qd5 24. Qc2 Nd7 25. b4 Qh5 26. Qb3 Bg7 27. Rec1 e5
28. dxe5 Bxe5 29. Bxe5 Qxe5 30. Ba2 Nf6 31. Rc5 Qd6 32. Qc4 Qd2 33. Bb1 Rd6 34.
Qf4 Nh5 35. Qe5 Re6 36. Qc7 Nf6 37. Qxb7 Rd8 38. R5c2 Qd3 39. Ba2 Rd7 40. Qa8+
Re8 41. Qxc6 Nh5 42. Bc4 Qd6 43. Qxd6 Rxd6 44. Be2 Nf6 45. Rc7 Red8 46. Rxa7
Ne4 47. Bf3 Ng5 48. Rcc7 Nxf3+ 49. gxf3 Rd5 50. f4 g5 51. Rxf7 gxf4 52. Rxf4
R8d6 53. Rg4+ Kf8 54. Rxh7 Rd1+ 55. Kg2 Ra1 56. Ra7 Rdd1 57. Rd4 Rg1+ 58. Kf3
Ke8 59. Rdd7 Rgf1 60. Rh7 1-0

[Event "XXXIII Festival A"]
[Site "Arco ITA"]
[Date "2011.10.24"]
[Round "3"]
[White "Lezzerini, Marco"]
[Black "Kierzek, Matthias"]
[Result "1/2-1/2"]
[WhiteElo "1797"]
[BlackElo "2152"]
[PlyCount "82"]
[EventDate "2011.10.22"]

1. c4 Nf6 2. g3 e6 3. Bg2 d5 4. Nf3 dxc4 5. Qc2 a6 6. Ne5 Be7 7. O-O O-O 8. Na3
Nbd7 9. Naxc4 Nxe5 10. Nxe5 c5 11. b3 Qc7 12. Bb2 Nd5 13. Rac1 Nb4 14. Qb1 f6
15. a3 Nd5 16. Nd3 Qa5 17. Qc2 b6 18. e4 Nc7 19. b4 Qb5 20. a4 Qd7 21. bxc5
bxc5 22. Nxc5 Bxc5 23. Qxc5 Ne8 24. Ba3 Rf7 25. e5 Rb8 26. Rc2 fxe5 27. Qxe5
Rb3 28. Bc6 Qd8 29. Rfc1 Rf5 30. Qa1 Qb6 31. d4 Nf6 32. Be4 Nxe4 33. Rxc8+ Kf7
34. R8c6 Qa5 35. d5 e5 36. Rc7+ Kg6 37. R1c6+ Nf6 38. Bf8 Qd2 39. Rxg7+ Kh5 40.
Qf1 Rb1 41. Qxb1 Qxf2+ 1/2-1/2

[Event "XXXIII Festival A"]
[Site "Arco ITA"]
[Date "2011.10.24"]
[Round "3"]
[White "Ludwig, Timm"]
[Black "Cavatorta, Ivan"]
[Result "0-1"]
[WhiteElo "1700"]
[BlackElo "1808"]
[PlyCount "76"]
[EventDate "2011.10.22"]

1. d4 Nf6 2. c4 e6 3. Nc3 Bb4 4. Bd2 O-O 5. e3 d6 6. Nf3 Qe7 7. Qc2 e5 8. d5
Nbd7 9. a3 Bxc3 10. Bxc3 b6 11. b4 b5 12. e4 bxc4 13. Bxc4 Nb8 14. O-O Nh5 15.
Bd2 f5 16. Ng5 f4 17. Ne6 Rf6 18. Qd1 Rh6 19. g3 Nf6 20. gxf4 Nxe4 21. f5 Nxd2
22. Qxd2 Qh4 23. f4 Qg4+ 24. Qg2 Qxg2+ 25. Kxg2 Nd7 26. Kh1 Nb6 27. Bb3 Rh3 28.
Ba2 Bb7 29. Rad1 Rxa3 30. Nxc7 Rc8 31. fxe5 dxe5 32. Rf2 Rxc7 33. Kg1 Kf8 34.
d6 Rd7 35. Be6 Rd8 36. Rc1 Rxd6 37. Rfc2 Rad3 38. Rc7 Rd1+ 0-1

[Event "XXXIII Festival A"]
[Site "Arco ITA"]
[Date "2011.10.24"]
[Round "3"]
[White "Marshall, Michael"]
[Black "Bonanzinga, Corrado"]
[Result "0-1"]
[WhiteElo "1894"]
[BlackElo "2136"]
[PlyCount "62"]
[EventDate "2011.10.22"]

1. b3 e5 2. Bb2 Nc6 3. e3 d6 4. Bb5 Bd7 5. Ne2 a6 6. Bxc6 Bxc6 7. O-O Qg5 8. f3
h5 9. c4 Nf6 10. Nbc3 h4 11. e4 h3 12. g3 Nh5 13. d4 f5 14. d5 Bd7 15. Bc1 Qg6
16. Kh1 Nf6 17. exf5 Bxf5 18. Be3 Be7 19. Qd2 O-O 20. Rac1 Rf7 21. Rce1 Raf8
22. Ng1 Ne4 23. Nxe4 Bxe4 24. Rf2 Bxf3+ 25. Nxf3 Rxf3 26. Rxf3 Rxf3 27. Kg1 Qf5
28. Qe2 Bf6 29. Rf1 e4 30. Rd1 Qg4 31. Rf1 Rxg3+ 0-1

[Event "XXXIII Festival A"]
[Site "Arco ITA"]
[Date "2011.10.24"]
[Round "3"]
[White "Mastroddi, Giuseppe"]
[Black "Perich, Stefano"]
[Result "1/2-1/2"]
[WhiteElo "1710"]
[BlackElo "1931"]
[PlyCount "51"]
[EventDate "2011.10.22"]

1. d4 Nf6 2. Nf3 b6 3. e3 Bb7 4. Bd3 g6 5. O-O Bg7 6. Nbd2 d6 7. c3 Nbd7 8. Qe2
O-O 9. e4 e5 10. b3 Re8 11. Bb2 Nf8 12. Rac1 h6 13. d5 Nh5 14. g3 Bc8 15. Bb5
Re7 16. Qd1 Bh3 17. Re1 Nh7 18. Bf1 Bd7 19. Bg2 Ng5 20. Nxg5 hxg5 21. Nf1 Bh6
22. Rc2 Kg7 23. Bc1 Qh8 24. Ne3 g4 25. Nxg4 Bxc1 26. Rxc1 1/2-1/2

[Event "XXXIII Festival A"]
[Site "Arco ITA"]
[Date "2011.10.24"]
[Round "3"]
[White "Mircoli, Filippo"]
[Black "Viviani, Alessio"]
[Result "0-1"]
[WhiteElo "1747"]
[BlackElo "2021"]
[PlyCount "70"]
[EventDate "2011.10.22"]

1. e4 d6 2. d4 g6 3. f4 Nf6 4. Bd3 Bg7 5. Nf3 O-O 6. O-O c5 7. c3 cxd4 8. cxd4
Bg4 9. h3 Bxf3 10. Qxf3 Nc6 11. Be3 Nb4 12. Bf2 Nxd3 13. Qxd3 Nh5 14. Be3 e5
15. fxe5 dxe5 16. d5 Nf4 17. Qd2 f5 18. Bxf4 exf4 19. exf5 Qb6+ 20. Rf2 Bd4 21.
Nc3 Bxf2+ 22. Qxf2 Qxf2+ 23. Kxf2 Rxf5 24. Rd1 Rd8 25. Kf3 Kg7 26. Re1 Kf8 27.
Rd1 Rd6 28. Re1 a6 29. Re4 b5 30. a3 Kf7 31. Rd4 g5 32. Re4 h5 33. Re2 Rd7 34.
Rd2 Re5 35. Ne4 Rdxd5 0-1

[Event "XXXIII Festival A"]
[Site "Arco ITA"]
[Date "2011.10.24"]
[Round "3"]
[White "Mulone, Gaspare"]
[Black "Iacchetti, Giovanni"]
[Result "0-1"]
[WhiteElo "1628"]
[BlackElo "1814"]
[PlyCount "93"]
[EventDate "2011.10.22"]

1. e4 d6 2. d4 Nf6 3. Nc3 g6 4. Be2 a6 5. e5 dxe5 6. dxe5 Qxd1+ 7. Bxd1 Ng4 8.
f4 c6 9. h3 Nh6 10. g4 Be6 11. Bf3 a5 12. Be3 Na6 13. O-O-O Bg7 14. Nge2 O-O
15. Bb6 f6 16. exf6 exf6 17. Rd6 Rfe8 18. Rhd1 Nf7 19. R6d2 Bh6 20. Kb1 a4 21.
h4 f5 22. g5 Bg7 23. Nxa4 Nb4 24. b3 Nxa2 25. Nd4 Rxa4 26. bxa4 Nc3+ 27. Kc1
Nxd1 28. Kxd1 Bc4 29. a5 Re3 30. Be2 Bd5 31. Nxf5 Ra3 32. c4 Ra1+ 33. Kc2 Be4+
34. Bd3 gxf5 35. Bxe4 Ra2+ 36. Kd3 Rxd2+ 37. Kxd2 fxe4 38. Ke3 Nd6 39. h5 Nc8
40. Kxe4 Nxb6 41. axb6 Bc3 42. g6 hxg6 43. hxg6 Kg7 44. f5 Kf6 45. Kf4 Bd4 46.
Kg4 Bxb6 47. Kh5 0-1

[Event "XXXIII Festival A"]
[Site "Arco ITA"]
[Date "2011.10.24"]
[Round "3"]
[White "Nanni, Sergio"]
[Black "Lupini, Stefano"]
[Result "0-1"]
[WhiteElo "1688"]
[BlackElo "1921"]
[PlyCount "38"]
[EventDate "2011.10.22"]

1. e4 e5 2. Nc3 Nf6 3. Bc4 Nxe4 4. Nf3 Nxc3 5. dxc3 Nc6 6. Qd5 Qe7 7. O-O Qe6
8. Qb5 a6 9. Qb3 Qg6 10. Nxe5 Nxe5 11. Re1 d6 12. f4 Be7 13. fxe5 O-O 14. e6
fxe6 15. Bxe6+ Kh8 16. Bd2 Bxe6 17. Rxe6 Qf7 18. Be3 Bg5 19. Qc4 Bxe3+ 0-1

[Event "XXXIII Festival A"]
[Site "Arco ITA"]
[Date "2011.10.24"]
[Round "3"]
[White "Paehtz, Thomas sr"]
[Black "Chiarion, Elisa"]
[Result "1-0"]
[WhiteElo "2437"]
[BlackElo "2012"]
[PlyCount "103"]
[EventDate "2011.10.22"]

1. e4 c5 2. Nf3 d6 3. d4 cxd4 4. Nxd4 Nf6 5. Nc3 g6 6. Be3 Bg7 7. f3 O-O 8. Qd2
Nc6 9. O-O-O d5 10. Kb1 Nxd4 11. e5 Nf5 12. exf6 Bxf6 13. Nxd5 Bg7 14. Nf6+
Bxf6 15. Qxd8 Nxe3 16. Qd2 Nxd1 17. Qxd1 Be6 18. Bb5 a6 19. Ba4 Rfd8 20. Qe2
Rd4 21. Bb3 Bxb3 22. axb3 Rad8 23. g4 b5 24. h4 Rd2 25. Qe4 e6 26. Qb7 Rd1+ 27.
Rxd1 Rxd1+ 28. Ka2 Rd2 29. g5 Be5 30. Qe4 Rd5 31. c4 bxc4 32. bxc4 Ra5+ 33. Kb1
Bd6 34. Qa8+ Kg7 35. Qd8 Bb4 36. Qb6 Be1 37. Qe3 Bb4 38. Qb6 Be1 39. Qd4+ Kg8
40. c5 Rb5 41. Qd8+ Kg7 42. c6 Ba5 43. c7 Bxc7 44. Qxc7 Rf5 45. Qc3+ Kg8 46.
Qc8+ Kg7 47. Qxa6 Rxf3 48. Qd6 h6 49. b4 hxg5 50. hxg5 Rf5 51. Qe7 e5 52. Kc2
1-0

[Event "XXXIII Festival A"]
[Site "Arco ITA"]
[Date "2011.10.24"]
[Round "3"]
[White "Pegoraro, Nicola"]
[Black "Mumelter, Igor"]
[Result "1-0"]
[WhiteElo "2044"]
[BlackElo "1876"]
[PlyCount "93"]
[EventDate "2011.10.22"]

1. e4 c6 2. d4 d5 3. Nc3 dxe4 4. Nxe4 Bf5 5. Ng3 Bg6 6. N1e2 e6 7. Nf4 Bd6 8.
Bd3 Bxd3 9. Qxd3 Nf6 10. O-O Nbd7 11. Bd2 O-O 12. Qf3 g6 13. Nd3 Re8 14. Bg5
Be7 15. Rfe1 Qa5 16. Ne5 Qd5 17. Qf4 Qd6 18. Qh4 h5 19. Rad1 Nd5 20. Ne4 Bxg5
21. Qxg5 Qe7 22. Nxd7 Qxd7 23. c4 f5 24. Qxg6+ Qg7 25. Qxg7+ Kxg7 26. cxd5 fxe4
27. dxc6 bxc6 28. Rxe4 Rab8 29. b3 Kf7 30. Re5 Rbd8 31. Kf1 Kg6 32. Ke2 Rd6 33.
Rd3 Red8 34. Ke3 Rb8 35. h4 Rb5 36. Rxb5 cxb5 37. Rc3 Ra6 38. Rc2 b4 39. Ke4
Ra5 40. f3 Kf6 41. g4 Kg6 42. g5 Kf7 43. f4 Kg6 44. Re2 Rf5 45. Kf3 Ra5 46.
Rxe6+ Kf7 47. Re2 1-0

[Event "XXXIII Festival A"]
[Site "Arco ITA"]
[Date "2011.10.24"]
[Round "3"]
[White "Pieri, Enzo"]
[Black "Ziltener, Werner"]
[Result "1/2-1/2"]
[WhiteElo "1729"]
[BlackElo "2081"]
[PlyCount "85"]
[EventDate "2011.10.22"]

1. d4 d5 2. Nf3 Nf6 3. c4 c6 4. Nc3 a6 5. cxd5 cxd5 6. g3 Nc6 7. Bg2 Bf5 8. a3
e6 9. O-O Be7 10. Nh4 Bg6 11. Nxg6 hxg6 12. Re1 Qb6 13. e3 Rc8 14. Na4 Qc7 15.
b4 O-O 16. Bb2 Nd7 17. Rc1 Nb6 18. Nc5 Nc4 19. Qb3 Nxb2 20. Qxb2 Rfd8 21. a4
Qb6 22. Bf1 Bxc5 23. Rxc5 Qxb4 24. Qxb4 Nxb4 25. Rec1 Rc6 26. a5 Rdc8 27. Rb1
Rxc5 28. dxc5 Nc6 29. Rxb7 Nxa5 30. Rb6 Rxc5 31. Rxa6 Nc4 32. Ra8+ Kh7 33. Rf8
f6 34. h4 Nd2 35. Bd3 Nf3+ 36. Kf1 Ne5 37. Be2 Rc1+ 38. Kg2 Rc2 39. Kf1 Ra2 40.
Re8 Ra1+ 41. Kg2 Ra2 42. Kf1 Ra1+ 43. Kg2 1/2-1/2

[Event "XXXIII Festival A"]
[Site "Arco ITA"]
[Date "2011.10.24"]
[Round "3"]
[White "Pretto, Aldo"]
[Black "Buglisi, Massimo"]
[Result "0-1"]
[WhiteElo "1732"]
[BlackElo "1887"]
[PlyCount "94"]
[EventDate "2011.10.22"]

1. c4 e5 2. g3 d6 3. Bg2 f5 4. e3 Nf6 5. Nc3 Be7 6. Nge2 c6 7. O-O O-O 8. d3
Na6 9. f4 Be6 10. b3 Qc7 11. Bb2 Ng4 12. Qd2 Qb6 13. d4 e4 14. h3 Nf6 15. d5
cxd5 16. Nd4 Bd7 17. cxd5 Nc5 18. Rfd1 Nd3 19. Bf1 Nxb2 20. Qxb2 a6 21. Rac1
Rac8 22. Bc4 Rxc4 23. Qe2 Rcc8 24. Ne6 Bxe6 25. dxe6 d5 26. Nxd5 Nxd5 27. Rxc8
Rxc8 28. Rxd5 Qxe6 29. Qd2 Qc6 30. Rxf5 Qc1+ 31. Qxc1 Rxc1+ 32. Kf2 Rc2+ 33.
Kf1 Bf6 34. Rd5 Rxa2 35. b4 Rb2 36. b5 axb5 37. g4 b4 38. Rb5 Kf7 39. g5 Bc3
40. f5 Ke7 41. Rxb7+ Kd6 42. Rf7 Ke5 43. h4 Rh2 44. Rxg7 Kxf5 45. Rxh7 Kg4 46.
g6 Kf3 47. Kg1 Rg2+ 0-1

[Event "XXXIII Festival A"]
[Site "Arco ITA"]
[Date "2011.10.24"]
[Round "3"]
[White "Qendro, Llambi"]
[Black "Loi, Andrea"]
[Result "1-0"]
[WhiteElo "2342"]
[BlackElo "1993"]
[PlyCount "35"]
[EventDate "2011.10.22"]

1. d4 Nf6 2. c4 g6 3. Nc3 Bg7 4. e4 d6 5. f3 O-O 6. Bg5 Nc6 7. Nge2 a6 8. Qd2
Rb8 9. h4 h5 10. Nd5 e6 11. Nxf6+ Bxf6 12. O-O-O Bxg5 13. hxg5 e5 14. d5 Nd4
15. Nxd4 exd4 16. g4 hxg4 17. Qh2 Qxg5+ 18. f4 1-0

[Event "XXXIII Festival A"]
[Site "Arco ITA"]
[Date "2011.10.24"]
[Round "3"]
[White "Rivara, Massimo"]
[Black "Billio, Atto"]
[Result "0-1"]
[WhiteElo "1834"]
[BlackElo "2071"]
[PlyCount "116"]
[EventDate "2011.10.22"]

1. e4 c5 2. Nf3 e6 3. d3 g6 4. g3 Bg7 5. Bg2 Nc6 6. c3 Nge7 7. O-O d5 8. Nbd2
O-O 9. Re1 b6 10. Nf1 d4 11. c4 e5 12. a3 h6 13. Bd2 Be6 14. b4 Qd6 15. b5 Nb8
16. a4 a5 17. bxa6 Rxa6 18. a5 bxa5 19. Rxa5 Rxa5 20. Bxa5 Nbc6 21. Bd2 g5 22.
h3 f5 23. N1h2 f4 24. g4 Rb8 25. Qc2 Nb4 26. Bxb4 Rxb4 27. Rb1 Qb6 28. Nd2
Rxb1+ 29. Qxb1 Qxb1+ 30. Nxb1 Nc6 31. Bf1 Nb4 32. Na3 Bd7 33. Nf3 Kf7 34. Ne1
Ba4 35. Be2 Ke6 36. f3 Bf6 37. Kf1 Kd6 38. Kg2 Kc6 39. Kf1 Bd8 40. Kg2 Kb6 41.
Kf1 Ka5 42. Kg2 Bc7 43. Kg1 Bb8 44. Kf1 Bb3 45. Kg1 Ka4 46. Nb1 Nc2 47. Ng2 Ne3
48. h4 Kb4 49. hxg5 hxg5 50. Ne1 Bc2 51. Nd2 Kc3 52. Nf1 Bc7 53. Kf2 Bb1 54.
Kg1 Nc2 55. Ng2 Nb4 56. Ne1 Nxd3 57. Ng2 Nb2 58. Ne1 d3 0-1